Philosophical writings /
| Κύριος συγγραφέας: | |
|---|---|
| Άλλοι συγγραφείς: | |
| Μορφή: | Βιβλίο |
| Γλώσσα: | English |
| Έκδοση: |
Cambridge ; New York :
Cambridge University Press,
1997.
|
| Σειρά: | Cambride texts in the history of philosophy.
|
| Θέματα: | |
| Διαθέσιμο Online: | Sample text Publisher description Table of contents |
| LEADER | 01577cam a22003257i 4500 | ||
|---|---|---|---|
| 001 | 2597349 | ||
| 005 | 20210224194438.0 | ||
| 008 | 970411s1997 enk f 001 0 eng d | ||
| 010 | |a 97016141 | ||
| 020 | |a 0521573831 |q (hbk.) | ||
| 020 | |a 0521574773 |q (pbk.) | ||
| 040 | |a DLC |c DLC |d DLC |d GR-PaULI |b gre |e AACR2 | ||
| 041 | 1 | |a eng |h ger | |
| 082 | 0 | 0 | |a 193 |2 23 |
| 100 | 1 | |a Mendelssohn, Moses |d 1729-1786 |e συγγραφέας |9 27157 | |
| 245 | 1 | 0 | |a Philosophical writings / |c Moses Mendelssohn ; translated and edited by Daniel O. Dahlstrom. |
| 260 | |a Cambridge ; |a New York : |b Cambridge University Press, |c 1997. | ||
| 300 | |a xxxix, 321 σ. ; |c 24 εκ. | ||
| 490 | 1 | |a Cambridge texts in the history of philosophy | |
| 504 | |a Περιλαμβάνει βιβλιογραφία και ευρετήριο. | ||
| 650 | 0 | |9 156763 |a Φιλοσοφία, Γερμανική |y 18ος αιώνας | |
| 700 | |a Dahlstrom, Daniel O. |9 39872 |e μεταφραστής |e επιμελητής | ||
| 830 | |a Cambride texts in the history of philosophy. |9 156126 | ||
| 856 | 4 | 1 | |3 Sample text |u http://www.loc.gov/catdir/samples/cam041/97016141.html |
| 856 | 4 | 2 | |3 Publisher description |u http://www.loc.gov/catdir/description/cam028/97016141.html |
| 856 | 4 | 1 | |3 Table of contents |u http://www.loc.gov/catdir/toc/cam024/97016141.html |
| 942 | |2 ddc |c BK15 | ||
| 952 | |0 0 |1 0 |2 ddc |4 0 |6 193_000000000000000_MEN |7 0 |9 204489 |a PHIL |b PHIL |d 2016-07-29 |i 11361 |l 0 |o 193 MEN |p 025000170694 |r 2016-07-29 00:00:00 |t 1 |v 2016.00 |w 2016-07-29 |y BK15 | ||
| 998 | |c ΚΑΝΕΛΛΟΠΟΥΛΟΥ |d 2016-07 | ||
| 999 | |c 124481 |d 124481 | ||